[Event "European Rapid 2016"]
[Site "Tallinn EST"]
[Date "2016.12.15"]
[Round "3.8"]
[White "Leko, Peter"]
[Black "Bernotas, Arturs"]
[Result "1/2-1/2"]
[WhiteTitle "GM"]
[BlackTitle "FM"]
[WhiteElo "2693"]
[BlackElo "2332"]
[WhiteFideId "703303"]
[BlackFideId "11601426"]
[EventDate "2016.12.15"]

1. e4 e5 2. Nf3 d6 3. d4 exd4 4. Nxd4 Nf6 5. Nc3 Be7 6. g3 Nc6 7. Bg2 Bg4 8.
Nde2 Ne5 9. h3 Bf3 10. O-O O-O 11. Bxf3 Nxf3+ 12. Kg2 Ne5 13. f4 Ned7 14. g4 Nc5
15. Ng3 Re8 16. Qf3 Bf8 17. Bd2 d5 18. exd5 c6 19. Rad1 Nxd5 20. Bc1 Qa5 21.
Nxd5 cxd5 22. a3 Ne4 23. c3 Rad8 24. Rd3 Qa4 25. Rfd1 Qc2+ 26. Qe2 Qxe2+ 27.
Nxe2 Nc5 28. Re3 Nb3 29. Kf3 Re4 30. Ng3 Nxc1 31. Rxc1 Rxe3+ 32. Kxe3 Bc5+ 33.
Kf3 g6 34. Rd1 Kf8 35. c4 d4 36. Ne4 Be7 37. b4 a5 38. c5 axb4 39. axb4 b6 40.
cxb6 Rb8 41. Nc5 Ke8 42. Rxd4 Rxb6 43. Rc4 Rd6 44. Ke4 Rd1 45. Rd4 Rc1 46. Kd5
Bf6 47. Re4+ Kd8 48. Kc6 Be7 49. Re5 Rc4 50. b5 Bxc5 51. Rxc5 Rxf4 52. Kb7 f5
53. gxf5 gxf5 54. b6 Rf1 55. Ka7 Ra1+ 56. Kb8 f4 57. Rf5 Rf1 58. b7 f3 59. Ka7
Ra1+ 60. Kb6 Rb1+ 61. Kc6 Rc1+ 62. Kd6 Rd1+ 63. Ke6 Kc7 64. Rxf3 Kxb7 65. Rf7+
Kc6 66. Rxh7 Re1+ 67. Kf6 Kd6 68. h4 Rf1+ 69. Kg6 Ke6 70. Ra7 Rg1+ 71. Kh6 Kf6
72. h5 Rh1 73. Ra5 Kf7 74. Kh7 Rh2 75. h6 Rh1 76. Rf5+ Ke7 77. Rf2 Rg1 78. Kh8
Rg6 79. Rh2 Kf7 80. Kh7 Rg1 81. Rf2+ Ke7 82. Rf3 Rg2 83. Kh8 Rg6 84. h7 Rg1 85.
Ra3 Kf7 86. Ra7+ Kf8 87. Ra8+ Kf7 88. Rg8 Rh1 89. Rg7+ Kf8 90. Rg3 Rf1 1/2-1/2

[Event "European Rapid 2016"]
[Site "Tallinn EST"]
[Date "2016.12.15"]
[Round "3.9"]
[White "D'Costa, Lorin A R"]
[Black "Vallejo Pons, Francisco"]
[Result "0-1"]
[WhiteTitle "IM"]
[BlackTitle "GM"]
[WhiteElo "2391"]
[BlackElo "2711"]
[WhiteFideId "409219"]
[BlackFideId "2205530"]
[EventDate "2016.12.15"]

1. Nf3 e6 2. c4 d5 3. g3 Nf6 4. Bg2 Nc6 5. O-O dxc4 6. Na3 Bxa3 7. bxa3 O-O 8.
Bb2 Nd5 9. Qc2 Nb6 10. Rfd1 Qe7 11. d3 cxd3 12. Rxd3 e5 13. Re3 f6 14. Nd4 Nxd4
15. Bxd4 Qf7 16. Bc5 Re8 17. Rb1 c6 18. Bxb6 axb6 19. Rxb6 Be6 20. Rb2 Red8 21.
h4 Rd4 22. Qc5 Bxa2 23. Qb6 Rd7 24. Kh2 Bc4 25. Rc3 Bb5 26. e3 g6 27. Rxb5 cxb5
28. Qxb5 Kg7 29. a4 Qe7 30. Bd5 Rc7 31. Rb3 Rac8 32. e4 Rc2 33. Kg2 R8c7 34.
Bxb7 Rd2 35. Bd5 Rcc2 36. Rf3 Qa7 37. Qb7+ Qxb7 38. Bxb7 Ra2 39. Bc6 Rdc2 40.
Bd5 Ra1 41. Rb3 Rc7 42. Rb4 Ra7 43. Bc6 Rc1 44. Rb7+ Rxb7 45. Bxb7 Ra1 46. Bc6
Ra3 47. Kf1 Kf7 48. Ke2 Ke7 49. Bb5 Kd6 50. Be8 Kc5 51. h5 gxh5 52. Bxh5 Kd4 53.
Bf3 Rxa4 54. Kf1 Kd3 55. Kg2 Rxe4 56. Bxe4+ Kxe4 0-1

[Event "European Rapid 2016"]
[Site "Tallinn EST"]
[Date "2016.12.15"]
[Round "3.10"]
[White "Bortnyk, Olexandr"]
[Black "Putka, Verners"]
[Result "1-0"]
[WhiteTitle "GM"]
[WhiteElo "2581"]
[BlackElo "2307"]
[WhiteFideId "14120828"]
[BlackFideId "11600659"]
[EventDate "2016.12.15"]

1. e4 e5 2. Nf3 Nf6 3. Nxe5 d6 4. Nf3 Nxe4 5. c4 Be7 6. d4 O-O 7. Bd3 Nf6 8. h3
Nc6 9. Nc3 d5 10. c5 b6 11. cxb6 axb6 12. O-O Ba6 13. Bxa6 Rxa6 14. Bf4 Ne4 15.
Rc1 Ra5 16. a3 Bf6 17. b4 Ra8 18. Nb5 Qd7 19. Qd3 Rfc8 20. Nxc7 Rxc7 21. Bxc7
Qxc7 22. b5 Nb4 23. axb4 Qf4 24. Rc6 Rb8 25. Rfc1 g6 26. Qe3 Qf5 27. g4 Qd7 28.
Qf4 Qd8 29. Qxb8 Qxb8 30. Rc8+ Qxc8 31. Rxc8+ Kg7 32. Rb8 Be7 33. Rxb6 Bxb4 34.
Rc6 Nd6 35. b6 Ba3 36. Rc7 1-0

[Event "European Rapid 2016"]
[Site "Tallinn EST"]
[Date "2016.12.15"]
[Round "3.11"]
[White "Naiditsch, Arkadij"]
[Black "Popov, Mikhail"]
[Result "1-0"]
[WhiteTitle "GM"]
[BlackTitle "FM"]
[WhiteElo "2687"]
[BlackElo "2369"]
[WhiteFideId "4650891"]
[BlackFideId "4146182"]
[EventDate "2016.12.15"]

1. e4 e6 2. d4 d5 3. Nd2 c5 4. exd5 Qxd5 5. dxc5 Nf6 6. Ngf3 Qxc5 7. Bd3 Nbd7 8.
O-O Qc7 9. Re1 Be7 10. Ne4 Nxe4 11. Rxe4 O-O 12. Bf4 Qb6 13. Be3 Bc5 14. Rh4 Nf6
15. Bxc5 Qxc5 16. Qd2 b6 17. Re1 Bb7 18. Re5 Qe7 19. Qg5 g6 20. Nd4 Rae8 21. Nf5
Qd8 22. Ne3 h5 23. Bxg6 fxg6 24. Qxg6+ 1-0

[Event "European Rapid 2016"]
[Site "Tallinn EST"]
[Date "2016.12.15"]
[Round "3.12"]
[White "Riazantsev, Alexander"]
[Black "Seeman, Tarvo"]
[Result "1-0"]
[WhiteTitle "GM"]
[BlackTitle "IM"]
[WhiteElo "2671"]
[BlackElo "2420"]
[WhiteFideId "4125029"]
[BlackFideId "4500547"]
[EventDate "2016.12.15"]

1. d4 Nf6 2. c4 g6 3. Nc3 Bg7 4. e4 d6 5. Be2 O-O 6. Be3 e5 7. d5 Na6 8. g4 Nc5
9. f3 a5 10. h4 Bd7 11. h5 c6 12. Qd2 cxd5 13. cxd5 a4 14. Nh3 Rc8 15. Nf2 Qa5
16. O-O Ne8 17. hxg6 fxg6 18. g5 Qd8 19. Nd3 b6 20. Rf2 Nc7 21. Nb4 a3 22. bxa3
Rf4 23. Rg2 Rh4 24. Nc6 Qe8 25. Rb1 Bxc6 26. dxc6 Qxc6 27. Nd5 Nxd5 28. Bc4 Kh8
29. Bxd5 Qd7 30. Rh2 Rxh2 31. Kxh2 Ne6 32. Rxb6 Nf4 33. Bxf4 exf4 34. Rb7 Rc7
35. Rb8+ Rc8 36. Qb4 Be5 37. Qb7 Qxb7 38. Rxb7 Bc3 39. a4 Ba5 40. Kh3 1-0

[Event "European Rapid 2016"]
[Site "Tallinn EST"]
[Date "2016.12.15"]
[Round "3.13"]
[White "Llobel Cortell, Enrique"]
[Black "Mamedov, Rauf"]
[Result "0-1"]
[WhiteTitle "IM"]
[BlackTitle "GM"]
[WhiteElo "2399"]
[BlackElo "2688"]
[WhiteFideId "2216116"]
[BlackFideId "13401653"]
[EventDate "2016.12.15"]

1. e4 c5 2. Nf3 Nc6 3. Nc3 g6 4. d4 cxd4 5. Nxd4 Bg7 6. Be3 Nf6 7. Bc4 Qa5 8.
O-O d6 9. Nb3 Qd8 10. f3 O-O 11. Qd2 Ne5 12. Be2 Be6 13. Nd5 Rc8 14. c3 Nc4 15.
Bxc4 Rxc4 16. Nxf6+ Bxf6 17. Bd4 Bxd4+ 18. Nxd4 Bd7 19. b3 Rc5 20. c4 a5 21. Kh1
Qb6 22. Rab1 a4 23. Nc2 Qc7 24. Ne3 Be6 25. Nd5 Bxd5 26. exd5 axb3 27. axb3 b5
28. cxb5 Qb7 29. Rfd1 Rxb5 30. b4 Rb8 31. Qe3 Rxd5 32. Rxd5 Qxd5 33. Qxe7 Rxb4
34. Rc1 Kg7 35. h3 Qd2 36. Qe1 Qxe1+ 37. Rxe1 Kf6 38. Kh2 d5 39. Kg3 Rb2 40. h4
Rb6 41. Kf4 Rb4+ 42. Kg3 h5 43. Re2 Kf5 44. Re7 Kf6 45. Re2 Rc4 46. Kh3 Kf5 47.
Kg3 f6 48. Kh3 Rc3 49. Kg3 Rd3 50. Kf2 Rd1 51. Ke3 Rh1 52. g3 Rh3 53. Rg2 Ke5
54. f4+ Kd6 55. Kf3 Rh1 56. Ra2 Rc1 57. Ra8 Rc3+ 58. Kf2 Ke6 59. Rd8 Rd3 60. Kg2
Kf5 61. Rd6 Kg4 62. Rxf6 Rxg3+ 63. Kf2 Rf3+ 64. Kg2 Rxf4 65. Rxg6+ Kxh4 66. Rd6
Rf5 67. Rd8 Kg4 68. Rg8+ Kf4 69. Kf2 Ke4+ 70. Ke2 Rf4 71. Rh8 Rh4 72. Re8+ Kd4
73. Rh8 Rh1 74. Kf3 Rf1+ 75. Ke2 Rf5 76. Rh7 Ke4 77. Re7+ Re5 78. Rh7 d4 79. Rh8
Kd5+ 80. Kd2 Kc4 81. Rc8+ Rc5 82. Rh8 Rf5 83. Rc8+ Kd5 84. Kd3 Rf3+ 85. Ke2 Re3+
86. Kd2 h4 87. Rh8 h3 88. Rh4 Ra3 89. Rh8 Ke5 90. Rh4 h2 0-1

[Event "European Rapid 2016"]
[Site "Tallinn EST"]
[Date "2016.12.15"]
[Round "3.14"]
[White "Pohjala, Henri"]
[Black "Alekseev, Evgeny"]
[Result "1/2-1/2"]
[WhiteTitle "FM"]
[BlackTitle "GM"]
[WhiteElo "2382"]
[BlackElo "2632"]
[WhiteFideId "506478"]
[BlackFideId "4138147"]
[EventDate "2016.12.15"]

1. d4 Nf6 2. Nf3 d5 3. g3 b5 4. Bg2 e6 5. O-O c5 6. a4 b4 7. c4 bxc3 8. Nxc3 Nc6
9. Bg5 Rb8 10. Rc1 Be7 11. dxc5 Rxb2 12. Nd4 Na5 13. Ncb5 a6 14. Na7 Qc7 15.
Nxc8 Qxc8 16. Bd2 Nc6 17. Bc3 Rb8 18. Qc2 O-O 19. e4 Rd8 20. Nxc6 Qxc6 21. Bxf6
Bxf6 1/2-1/2

[Event "European Rapid 2016"]
[Site "Tallinn EST"]
[Date "2016.12.15"]
[Round "3.15"]
[White "Matlakov, Maxim"]
[Black "Lobanov, Sergei"]
[Result "0-1"]
[WhiteTitle "GM"]
[WhiteElo "2694"]
[BlackElo "2429"]
[WhiteFideId "4168003"]
[BlackFideId "24183750"]
[EventDate "2016.12.15"]

1. c4 c5 2. Nf3 Nc6 3. d4 cxd4 4. Nxd4 Nf6 5. Nc3 d6 6. e4 g6 7. Be2 Bg7 8. Be3
O-O 9. O-O Bd7 10. Nc2 Rc8 11. Qd2 a6 12. f3 Ne5 13. b3 b5 14. cxb5 Qc7 15. Bd4
axb5 16. Rac1 Qa5 17. b4 Qa6 18. a4 Nc4 19. Qe1 e5 20. Bf2 Bh6 21. Rd1 Nd2 22.
axb5 Qb7 23. Rxd2 Rxc3 24. Rxd6 Rxc2 25. Rxf6 Rxe2 26. Qxe2 Bxb5 27. Qe1 Bxf1
28. Rb6 Qa8 29. Qxf1 Rd8 30. h4 Qa4 31. Kh2 Qc2 32. Bg3 Be3 33. Rb7 Rd1 34. Rb8+
Kg7 35. Rc8 Qd2 36. Bxe5+ Kh6 37. Qc4 Rg1 38. Bg7+ Kxg7 39. Qc3+ Qxc3 40. Rxc3
Re1 41. Kg3 Bd4 42. Rb3 Re2 43. b5 Bb6 44. Rd3 Rb2 45. Rd5 h5 46. Kh3 Rb3 47.
Kg3 Bc7+ 48. Kh3 Kf6 49. Rc5 Bd6 50. Rd5 Ke6 51. b6 Rxb6 52. g4 Rb2 53. gxh5
gxh5 54. Rxh5 Rh2+ 55. Kg4 Rg2+ 56. Kh3 Rg3+ 57. Kh2 Rg5+ 0-1

[Event "European Rapid 2016"]
[Site "Tallinn EST"]
[Date "2016.12.15"]
[Round "3.16"]
[White "Margolin, Boris"]
[Black "Shirov, Alexei"]
[Result "0-1"]
[WhiteTitle "IM"]
[BlackTitle "GM"]
[WhiteElo "2387"]
[BlackElo "2673"]
[WhiteFideId "4646193"]
[BlackFideId "2209390"]
[EventDate "2016.12.15"]

1. e4 e5 2. Nf3 Nc6 3. Bc4 Bc5 4. c3 Nf6 5. d3 O-O 6. O-O d5 7. exd5 Nxd5 8. Re1
Bg4 9. h3 Bh5 10. Nbd2 Bb6 11. Ne4 f6 12. Ng3 Bf7 13. Nh4 Kh8 14. Qf3 Nce7 15.
Nhf5 Nxf5 16. Nxf5 Qd7 17. Bd2 Be6 18. Ng3 c6 19. Rad1 Rae8 20. Bc1 Nc7 21. Be3
Bd5 22. Bxd5 cxd5 23. Bxb6 axb6 24. Qe3 Qc6 25. f4 d4 26. cxd4 Nd5 27. Qf2 exf4
28. Ne4 f5 29. Nc3 Ne3 30. Rd2 Qd6 31. d5 Re7 32. Rde2 h6 33. Qf3 Rfe8 34. a3
Kh7 35. Kh1 g5 36. Qh5 Kg7 37. d4 Qf6 38. Rd2 Nxd5 39. Qxe8 Rxe8 40. Rxe8 Ne3
41. d5 g4 42. Kg1 Qh4 43. Re2 gxh3 44. d6 hxg2 45. Re7+ Kf8 46. Rxg2 Nxg2 47.
Kxg2 Qg3+ 48. Kf1 f3 0-1

[Event "European Rapid 2016"]
[Site "Tallinn EST"]
[Date "2016.12.15"]
[Round "3.17"]
[White "Motylev, Alexander"]
[Black "Sarana, Alexey"]
[Result "0-1"]
[WhiteTitle "GM"]
[BlackTitle "IM"]
[WhiteElo "2663"]
[BlackElo "2457"]
[WhiteFideId "4121830"]
[BlackFideId "24133795"]
[EventDate "2016.12.15"]

1. e4 e5 2. Nf3 Nc6 3. Bb5 Bc5 4. O-O Nf6 5. Bxc6 dxc6 6. d3 Qe7 7. Nbd2 Bg4 8.
Nc4 Nd7 9. Ne3 Bxe3 10. fxe3 f6 11. Qe1 O-O-O 12. Bd2 h5 13. Nh4 Rhg8 14. a4 Be6
15. Ng6 Qe8 16. Qg3 Bg4 17. Nh4 g6 18. Bc3 f5 19. h3 f4 20. exf4 exf4 21. Qxf4
g5 22. Qf7 Be2 23. Qxe8 Rdxe8 24. Rf2 Bxd3 25. cxd3 gxh4 26. Rf5 Rg3 27. Kh2
Reg8 28. Rg1 R8g5 29. Rxg5 Rxg5 30. b4 a5 31. Rf1 Rg3 32. Be1 Rxd3 33. bxa5 Rd4
34. Rf4 Nc5 35. Bf2 Rc4 36. Rxh4 Nxe4 37. Be3 Rxa4 38. Rxh5 c5 39. Re5 Kd7 40.
Rh5 c4 41. Bf4 c5 42. Rh7+ Kc6 43. Rc7+ Kd5 44. Rxb7 c3 45. Ra7 c2 46. a6 Nc3
47. Bh6 Ne2 48. Ra8 Nf4 49. Rd8+ Kc6 50. Bxf4 Rxf4 51. a7 Ra4 0-1

[Event "European Rapid 2016"]
[Site "Tallinn EST"]
[Date "2016.12.15"]
[Round "3.18"]
[White "Kashtanov, Ruslan"]
[Black "Halkias, Stelios"]
[Result "0-1"]
[WhiteTitle "IM"]
[BlackTitle "GM"]
[WhiteElo "2377"]
[BlackElo "2585"]
[WhiteFideId "4124871"]
[BlackFideId "4201809"]
[EventDate "2016.12.15"]

1. Nf3 c5 2. c4 Nc6 3. d4 cxd4 4. Nxd4 Nf6 5. Nc3 e6 6. a3 Bc5 7. Nb3 Be7 8. e4
d6 9. Be2 O-O 10. O-O b6 11. Be3 Bb7 12. f4 Rc8 13. Bf3 Qc7 14. Rc1 Qb8 15. Qe2
Rfe8 16. g4 Na5 17. Nd2 Ba6 18. g5 Nd7 19. Nb5 Rxc4 20. Nxc4 Bxb5 21. b3 Nxb3
22. Qb2 Ndc5 23. Bxc5 Bxc4 24. Rxc4 Nxc5 25. Qc2 g6 26. Bg2 b5 27. Rc3 a5 28.
Rb1 b4 29. axb4 axb4 30. Rc4 b3 31. Qc3 Qb6 32. Kf1 Rb8 33. h4 Bf8 34. f5 d5 35.
exd5 exf5 36. Qe3 Qb5 37. Qd4 b2 38. Bf3 Nb3 39. Ra1 0-1

[Event "European Rapid 2016"]
[Site "Tallinn EST"]
[Date "2016.12.15"]
[Round "3.19"]
[White "Vitiugov, Nikita"]
[Black "Krupenski, Juri"]
[Result "0-1"]
[WhiteTitle "GM"]
[BlackTitle "IM"]
[WhiteElo "2726"]
[BlackElo "2432"]
[WhiteFideId "4152956"]
[BlackFideId "4501101"]
[EventDate "2016.12.15"]

1. d4 Nf6 2. c4 e6 3. Nf3 Bb4+ 4. Nbd2 O-O 5. a3 Be7 6. e4 d6 7. Be2 Nbd7 8. Qc2
e5 9. Nb1 exd4 10. Nxd4 Nc5 11. Nc3 a5 12. O-O Re8 13. f3 c6 14. Be3 a4 15. Rad1
Qc7 16. Kh1 b6 17. g4 Bf8 18. g5 Nfd7 19. Nf5 Ne5 20. Ng3 Ba6 21. Bxc5 bxc5 22.
Nxa4 g6 23. b3 Bc8 24. f4 Nd7 25. Bf3 Bg7 26. Bg2 Nf8 27. Qd3 Bd4 28. Ne2 Bg4
29. Bf3 Bh3 30. Rg1 Bxg1 31. Nxg1 Be6 32. f5 Bc8 33. Qxd6 Qxd6 34. Rxd6 Nd7 35.
fxg6 hxg6 36. Bg4 Ne5 37. Bxc8 Rexc8 38. Nxc5 Rxa3 39. Kg2 Kg7 40. Nf3 Ra2+ 41.
Rd2 Rca8 42. Rxa2 Rxa2+ 43. Kg3 Nxf3 44. Kxf3 Rxh2 45. Kf4 Kf8 46. Nd7+ Ke7 47.
Ne5 c5 48. Nd3 Kd6 49. e5+ Kc6 50. e6 fxe6 51. Ke5 Rh3 52. Nf4 Re3+ 53. Kf6 Rf3
54. Ke5 Kd7 55. Nxg6 Rf5+ 56. Ke4 Rxg5 57. Ne5+ Kc7 58. Nf3 Rg3 59. Kf4 Rxf3+
60. Kxf3 Kb6 61. Ke4 Ka5 62. Ke5 Kb4 63. Kd6 e5 64. Kd5 Kc3 65. Kxc5 e4 66. Kb6
e3 67. c5 e2 68. c6 e1=Q 69. c7 Qe8 70. Kb7 Qb5+ 71. Ka7 Qc6 72. Kb8 Qb6+ 73.
Kc8 Kd4 74. Kd7 Qb5+ 75. Kd8 Qd5+ 76. Ke7 Qc6 0-1

[Event "European Rapid 2016"]
[Site "Tallinn EST"]
[Date "2016.12.15"]
[Round "3.20"]
[White "Boe, Mads"]
[Black "Bartel, Mateusz"]
[Result "1/2-1/2"]
[WhiteTitle "FM"]
[BlackTitle "GM"]
[WhiteElo "2321"]
[BlackElo "2641"]
[WhiteFideId "1401408"]
[BlackFideId "1112635"]
[EventDate "2016.12.15"]

1. d4 f5 2. Nc3 d5 3. Bf4 a6 4. e3 Nf6 5. Nf3 e6 6. Ne5 Bd6 7. Bd3 Nc6 8. Nxc6
bxc6 9. Na4 O-O 10. O-O Qe7 11. b3 e5 12. dxe5 Bxe5 13. Bxe5 Qxe5 14. Qd2 Ne4
15. Qb4 Be6 16. f3 Nf6 17. Qd4 Qd6 18. Nc5 Nd7 19. b4 a5 20. a3 Nxc5 21. bxc5
Qe7 22. Rab1 Rae8 23. f4 Bc8 24. Rf3 Rf6 25. a4 g6 26. Qc3 Re6 27. Re1 Qf6 28.
Qxf6 Rxf6 29. c3 Be6 30. Rb1 Rff8 31. Rf2 Ra8 32. Rfb2 Kf7 33. Kf2 Ke7 34. h3
Kd7 35. Be2 h6 36. h4 Rg8 37. Rh1 Rab8 38. Rhb1 Ra8 1/2-1/2

[Event "European Rapid 2016"]
[Site "Tallinn EST"]
[Date "2016.12.15"]
[Round "3.21"]
[White "Fridman, Daniel"]
[Black "Ahvenjarvi, Jani"]
[Result "1-0"]
[WhiteTitle "GM"]
[BlackTitle "FM"]
[WhiteElo "2596"]
[BlackElo "2317"]
[WhiteFideId "11600454"]
[BlackFideId "507571"]
[EventDate "2016.12.15"]

1. Nf3 d5 2. c4 d4 3. e3 Nc6 4. exd4 Nxd4 5. Nxd4 Qxd4 6. Be2 Nh6 7. Nc3 c6 8.
d3 Nf5 9. g4 Nh4 10. Rg1 e5 11. Be3 Qd8 12. d4 exd4 13. Qxd4 Qxd4 14. Bxd4 Ng6
15. O-O-O f6 16. g5 Kf7 17. Bh5 Be7 18. f4 f5 19. Rge1 Bd6 20. Be5 Bxe5 21. Rxe5
Re8 22. Rxe8 Kxe8 23. Bxg6+ hxg6 24. Rd6 Ke7 25. Rxg6 Kf7 26. Rd6 Be6 27. c5 Rh8
28. Ne2 Rh4 29. b3 g6 30. h3 Ke7 31. Rd3 Bd5 32. Re3+ Kd7 33. Rg3 b6 34. cxb6
axb6 35. Kd2 c5 36. Ke1 Bb7 37. Rd3+ Ke6 38. Kf2 Ba6 39. Re3+ Kd6 40. Kg3 Rh8
41. Nc3 Bf1 42. h4 Ba6 43. Re5 Bb7 44. Na4 Ra8 45. h5 gxh5 46. Rxf5 b5 47. Rf6+
Ke7 48. Nxc5 Bd5 49. Ra6 Rc8 50. b4 Rh8 51. Ra7+ Kd6 52. Ra6+ Ke7 53. Ra7+ Kd6
54. Rd7+ Kc6 55. Rg7 h4+ 56. Kh3 Rf8 57. Rg6+ Kc7 58. Rf6 Ra8 59. Na6+ Kb7 60.
Nc5+ Kc7 61. Kxh4 Rxa2 62. g6 Rg2 63. f5 Bf3 64. g7 Bd5 65. Ra6 Bc4 66. f6 Kb8
67. Ne6 Kb7 68. Rd6 Rg1 69. f7 1-0

[Event "European Rapid 2016"]
[Site "Tallinn EST"]
[Date "2016.12.15"]
[Round "3.22"]
[White "Shkapenko, Pavel"]
[Black "Turov, Maxim"]
[Result "1-0"]
[WhiteTitle "IM"]
[BlackTitle "GM"]
[WhiteElo "2425"]
[BlackElo "2594"]
[WhiteFideId "4151933"]
[BlackFideId "4120086"]
[EventDate "2016.12.15"]

1. e4 c6 2. d4 d5 3. exd5 cxd5 4. Bd3 Nc6 5. c3 Qc7 6. Ne2 Bg4 7. f3 Bh5 8. Bf4
Qd7 9. Bg3 Bg6 10. Nf4 e6 11. O-O Bd6 12. Qe2 Nge7 13. Nd2 Bxd3 14. Nxd3 Bxg3
15. hxg3 Nf5 16. Qf2 h5 17. Rfe1 Qc7 18. Ne5 Nxe5 19. dxe5 Qb6 20. Qxb6 axb6 21.
Kf2 Kd7 22. Nf1 Ne7 23. a3 f6 24. Rad1 Nc6 25. exf6 gxf6 26. f4 Ra4 27. f5 Ne5
28. Ne3 Rd8 29. Rh1 Ng4+ 30. Nxg4 hxg4 31. Rh7+ Kc6 32. fxe6 Re4 33. Rd7 Re8 34.
R7xd5 R8xe6 35. R1d2 b5 36. R5d4 Rxd4 37. Rxd4 f5 38. Rd2 Kc5 39. Rd7 b6 40. Rf7
Re5 41. Rf6 Kc4 42. Rxb6 Kb3 43. Rb7 Rc5 44. Ke3 Kxb2 45. c4 Rxc4 46. Rxb5+ Kxa3
47. Rxf5 Kb3 48. Rf4 1-0

[Event "European Rapid 2016"]
[Site "Tallinn EST"]
[Date "2016.12.15"]
[Round "3.24"]
[White "Ponkratov, Pavel"]
[Black "Maier, Christian"]
[Result "1-0"]
[WhiteTitle "GM"]
[BlackTitle "IM"]
[WhiteElo "2607"]
[BlackElo "2390"]
[WhiteFideId "4157800"]
[BlackFideId "4601955"]
[EventDate "2016.12.15"]

1. e4 e6 2. d4 d5 3. Nc3 Bb4 4. Ne2 Nc6 5. e5 f6 6. f4 Nh6 7. a3 Ba5 8. b4 Bb6
9. Na4 fxe5 10. dxe5 O-O 11. g3 Bd7 12. Bh3 Nf5 13. Nxb6 axb6 14. Rb1 Nce7 15.
O-O c5 16. bxc5 bxc5 17. Rxb7 Bc6 18. Rb1 d4 19. Bg4 Nd5 20. Qd3 Ra4 21. c4 dxc3
22. Nxc3 Rd4 23. Qf3 c4 24. Nxd5 Bxd5 25. Qf2 Rd3 26. Qb6 Qxb6+ 27. Rxb6 Nxg3
28. Rd1 Nf5 29. Rxd3 cxd3 30. Kf2 Rc8 31. Bxf5 exf5 32. Bd2 Rc6 33. Rb5 Be6 34.
Ke3 Bc4 35. Rb8+ Kf7 36. Rb7+ Kg6 37. a4 Ba6 38. Rd7 Kh6 39. Rd6+ Rxd6 40. exd6
Bc8 41. Kxd3 Kg6 42. Kd4 Kf6 43. Kd5 Bb7+ 44. Kc5 Ke6 45. Kb6 1-0

[Event "European Rapid 2016"]
[Site "Tallinn EST"]
[Date "2016.12.15"]
[Round "3.25"]
[White "Djuric, Stefan"]
[Black "Piorun, Kacper"]
[Result "0-1"]
[WhiteTitle "GM"]
[BlackTitle "GM"]
[WhiteElo "2429"]
[BlackElo "2657"]
[WhiteFideId "900133"]
[BlackFideId "1130420"]
[EventDate "2016.12.15"]

1. e4 e6 2. d4 d5 3. e5 c5 4. c3 Nc6 5. Nf3 Qb6 6. Be2 Nh6 7. Bxh6 gxh6 8. Qd2
Bd7 9. O-O Rc8 10. c4 dxc4 11. d5 exd5 12. Nc3 Ne7 13. Bxc4 Be6 14. Bb5+ Kd8 15.
a4 a6 16. a5 Qa7 17. Bc4 Kc7 18. Rfd1 Rd8 19. Na4 Nc6 20. Ba2 c4 21. b3 Bb4 22.
Qxh6 c3 23. Rac1 d4 24. Ng5 Bxa5 25. Nxe6+ fxe6 26. b4 Bxb4 27. Bxe6 b5 28. Bd5
Ne7 29. Qg7 bxa4 30. Rb1 Qc5 31. Be4 a5 32. Qg3 Kb6 33. Qg7 a3 34. Qh6+ Nc6 35.
Bd3 c2 36. Bxc2 Qxc2 37. Rdc1 Qe4 38. Qe6 Qd5 39. Qh3 a2 40. Ra1 d3 41. e6 d2
42. Rd1 Rhe8 43. Qe3+ Kb7 44. Qh6 Rxe6 45. Qxh7+ Rd7 46. Qc2 Re1+ 0-1

[Event "European Rapid 2016"]
[Site "Tallinn EST"]
[Date "2016.12.15"]
[Round "3.26"]
[White "Zubritskiy, Artyom"]
[Black "Grandelius, Nils"]
[Result "1/2-1/2"]
[WhiteTitle "IM"]
[BlackTitle "GM"]
[WhiteElo "2442"]
[BlackElo "2643"]
[WhiteFideId "4181247"]
[BlackFideId "1710400"]
[EventDate "2016.12.15"]

1. d4 Nf6 2. c4 e6 3. g3 d5 4. Nf3 g6 5. Bg2 Bg7 6. O-O O-O 7. Qc2 Na6 8. a3 b6
9. Nc3 Bb7 10. Rd1 Qc8 11. cxd5 exd5 12. Bf4 Qe6 13. Rac1 c5 14. Be5 Rfd8 15. e3
Qe7 16. Qb3 c4 17. Qa2 Nc7 18. b3 Ne6 19. Nd2 Rac8 20. bxc4 dxc4 21. Bxf6 Bxf6
22. Bxb7 Qxb7 23. Nce4 Be7 24. Rxc4 Kf8 25. Rxc8 Qxc8 26. d5 Ng7 27. Qb3 Nf5 28.
Nf3 Qa6 29. a4 Qe2 30. Ne5 Nd6 31. Nc3 Qh5 32. Nc6 Rc8 33. Nb5 Ne4 34. Nxe7 Qf3
35. Nxc8 Qxf2+ 36. Kh1 Qf3+ 37. Kg1 Qf2+ 38. Kh1 Qf3+ 1/2-1/2

[Event "European Rapid 2016"]
[Site "Tallinn EST"]
[Date "2016.12.15"]
[Round "3.27"]
[White "Krutti, Valer"]
[Black "Zvjaginsev, Vadim"]
[Result "0-1"]
[WhiteTitle "IM"]
[BlackTitle "GM"]
[WhiteElo "2361"]
[BlackElo "2679"]
[WhiteFideId "706248"]
[BlackFideId "4113403"]
[EventDate "2016.12.15"]

1. d4 g6 2. c4 Bg7 3. e4 c5 4. d5 d6 5. Be2 b5 6. cxb5 a6 7. a4 axb5 8. Bxb5+
Bd7 9. Bxd7+ Nxd7 10. Nf3 Ngf6 11. Nc3 Ng4 12. O-O O-O 13. Qc2 Nde5 14. Nxe5
Nxe5 15. Nb5 f5 16. exf5 Rxf5 17. Bd2 Nd7 18. Bc3 Nb6 19. Bxg7 Kxg7 20. b4 Rxd5
21. Rfd1 Rxd1+ 22. Qxd1 Nd7 23. h3 cxb4 24. Qd4+ Nf6 25. Qxb4 Qa5 26. Qd4 Rc8
27. Qe3 Ng8 28. Nd4 Ra8 29. Ne6+ Kh8 30. Qd4+ Nf6 31. g4 Kg8 32. g5 Nh5 33. h4
Qf5 34. Nc7 Nf4 35. Kf1 Ra5 36. Qe3 Re5 37. Qf3 Ra5 38. Qb3+ Kf8 39. Qf3 Rxa4
40. Re1 Qd3+ 41. Qxd3 Nxd3 42. Re3 Nf4 43. Kg1 Rc4 44. Nb5 Kf7 45. Kh2 d5 46.
Ra3 Ne6 47. Kg3 Ng7 0-1

[Event "European Rapid 2016"]
[Site "Tallinn EST"]
[Date "2016.12.15"]
[Round "3.28"]
[White "Andriasian, Zaven"]
[Black "Kiik, Kalle"]
[Result "1-0"]
[WhiteTitle "GM"]
[BlackTitle "IM"]
[WhiteElo "2621"]
[BlackElo "2399"]
[WhiteFideId "13302000"]
[BlackFideId "4500075"]
[EventDate "2016.12.15"]

1. e4 d6 2. d4 Nf6 3. Nc3 e5 4. Nf3 Nbd7 5. Bc4 Be7 6. O-O O-O 7. Re1 a6 8. a4
b6 9. Bg5 Bb7 10. h3 c6 11. Qe2 b5 12. axb5 cxb5 13. Bd3 Re8 14. Qd2 Qc7 15.
Rad1 Bf8 16. d5 h6 17. Be3 Nb6 18. b3 Nfd7 19. Nh4 Nc5 20. Nf5 Bc8 21. g4 b4 22.
Ne2 a5 23. Neg3 a4 24. Qxb4 Bxf5 25. gxf5 Nbd7 26. Qc3 axb3 27. cxb3 Ra3 28. Bc2
Rb8 29. Ra1 Rxa1 30. Rxa1 Qb7 31. Rb1 Rc8 32. Qd2 Nb6 33. f6 Kh7 34. fxg7 Bxg7
35. Nf5 Rg8 36. Kh2 Bf8 37. Bxh6 Qb8 38. Be3 Ncd7 39. Qe2 Nf6 40. Qb5 Nfd7 41.
Bd1 Qa7 42. Bf3 1-0